000 00767nam a2200253Ia 4500
003 OSt
005 20220923222843.0
006 a|||||r|||| 00| 0
007 ta
008 220922b |||||||| |||| 00| 0 hin d
024 _a208,427
037 _cTextual
040 _aARTS
_cARTS
_bhin
041 _2hin
_ahin
082 _aO152,3NUM,RA, M1
100 _aशास्त्री, उमेश
245 0 _aरसकपूर
246 _aRasakapūra
260 _aजयपुर
_b देवनागर प्रका0
_c1981
300 _a218पृ.
_ccm.
650 _aहिन्दी साहित्य
_9156264
942 _hO152,3NUM,RA, M1
_cTEXL
_2CC
999 _c359023
_d359023